Escritos políticos breves (Registro nro. 48316)
[ vista simple ]
| 000 -ENCABEZADO | |
|---|---|
| Número de control [NR] | 00901nam a2200229Ia 4500 |
| 008 - DE LONGITUD FIJA DE DATOS DE ELEMENTOS - INFORMACIÓN GENERAL | |
| Elementos de longitud fija [NR] | 130821s2001 sp gr spa |
| 020 ## - NUMERO INTERNACIONAL NORMALIZADO PARA LIBROS [R] | |
| Número Internacional Normalizado del libro [NR] | 8430919813 |
| 040 ## - FUENTE DE CATALOGACION [NR] | |
| Agencia de catalogación original [NR] | Co-BoUCM |
| Idioma de catalogación [NR] | spa |
| 041 00 - CODIGO DE IDIOMA [R] | |
| Código de idioma para texto/pista de sonido o título separado [R] | Español |
| 100 1# - ASIENTO PRINCIPAL--NOMBRE PERSONAL [NR] | |
| Nombre personal [NR] | Maquiavelo, Nicolás |
| Fechas asociadas con el nombre [NR] | 1469-1527 |
| ID Autoridad | 36994 |
| 245 10 - MENCION DE TITULO [NR] | |
| Título [NR] | Escritos políticos breves |
| Mención de responsabilidad, etc. [NR] | Nicolás Maquiavelo; traducción de María Teresa Navarro Salazar |
| 260 ## - PUBLICACION, DISTRIBUCION, ETC. (PIE DE IMPRENTA) [R] | |
| Lugar de publicación, distribución, etc. [R] | Madrid (España) |
| Nombre del editor, distribuidor, etc. [R] | Tecnos |
| Fecha de publicación, distribución, etc. [R] | 2001 |
| 300 ## - DESCRIPCION FISICA [R] | |
| Extensión [R] | 180 páginas |
| 490 ## - MENCION DE SERIE [R] | |
| Mención de serie [R] | Colección Clásicos del Pensamiento |
| Designación numérica/secuencial del volumen [NR] | 81 |
| 600 ## - ASIENTO SECUNDARIO DE MATERIA - NOMBRE PERSONAL [R] | |
| Nombre personal [NR] | Maquiavelo, Nicolás |
| Fechas asociadas con el nombre [NR] | 1469-1527 |
| Subdivisión de forma [R] | Colecciones de escritos |
| 9 (RLIN) | 162461 |
| 600 ## - ASIENTO SECUNDARIO DE MATERIA - NOMBRE PERSONAL [R] | |
| Nombre personal [NR] | Maquiavelo, Nicolás |
| Fechas asociadas con el nombre [NR] | 1469-1527 |
| Subdivisión general [R] | Pensamiento político |
| 9 (RLIN) | 81749 |
| 650 04 - ASIENTO SECUNDARIO DE MATERIA - TERMINO TEMATICO [R] | |
| Término temático o nombre geográfico como elemento de entrada [NR] | Ciencia política |
| 9 (RLIN) | 340 |
| 650 04 - ASIENTO SECUNDARIO DE MATERIA - TERMINO TEMATICO [R] | |
| Término temático o nombre geográfico como elemento de entrada [NR] | Ciencia política |
| Subdivisión de forma [R] | Colecciones de escritos |
| 9 (RLIN) | 340 |
| 700 1# - ASIENTO SECUNDARIO - NOMBRE PERSONAL [R] | |
| Nombre personal [NR] | Navarro Salazar, María Teresa |
| Término de relación [R] | |
| 9 (RLIN) | 162462 |
| 942 ## - ELEMENTOS DE ENTRADA AGREGADOS (KOHA) | |
| Tipo de ítem principal el descrito en 300a | Libro |
| Tema principal | Ciencia política |
| Edición | 1 |
| Parte restante de la signatura top. | M297e |
| Sistema de clasificación | DEWEY |
| Clasificación | 320.1 |
| Fecha de último préstamo | Total préstamos | Total Renewals | Signatura topográfica | Código de barras | Última vez visto | Ejemplar | Price effective from | Tipo de ítem | Perdido | Sistema de clasificación | Dañado | No prestable | Tipo de ítem específico | Suprimido | Ubicación habitual | Ubicación actual | Localización | Fecha de creación | Forma de adquisición | Costo |
|---|---|---|---|---|---|---|---|---|---|---|---|---|---|---|---|---|---|---|---|---|
| 06/08/2018 | 22 | 2 | 320.1 M297e | 100076610 | 09/06/2026 | Ej.1 | 03/02/2013 | Libro | DEWEY | Libro | Claustro | Claustro | 3er piso | 28/02/2006 | Compra | 62500.00 |